Normal view
MARC view
- ضبط نصوصة وكتب مواضيعه كرم، جورج
Entry Personal Name
001 - CONTROL NUMBER
- control field: 46465
003 - CONTROL NUMBER IDENTIFIER
- control field: JO-AjAnu
005 - DATE AND TIME OF LATEST TRANSACTION
- control field: 20230606081659.0
008 - FIXED-LENGTH DATA ELEMENTS
- fixed length control field: 230606|| aca||aabn | a|a d
040 ## - CATALOGING SOURCE
- Original cataloging agency: JO-AjAnu
- Transcribing agency: JO-AjAnu
100 ## - HEADING--PERSONAL NAME
- Personal name: ضبط نصوصة وكتب مواضيعه كرم، جورج
670 ## - SOURCE DATA FOUND
- Source citation: Work cat.: (JO-AjAnu)23784: ضبط نصوصة وكتب مواضيعه كرم، جورج, author, قانون العقوبات معدلا ومضبوطا على الأصل مضافا الية: الأسباب الموجبة للقوانين المعدلة له، الأشارة إلى جميع القوانين الخاصة المكملة له، فهرس هجائي مطول بمواضيعه